000 01010nas a2200313 4500
001 BR2011002175
003 BR-BrBNA
005 20231205114546.0
007 ta
008 230509b bl.|||p| |||| 00| 00por d
040 _aBR-BrBNA
_bpor
_cBiblioteca Nacional de Agricultura
041 _a(Pt)
072 _aL73
100 1 _aBatista, H.B.C.R.
100 1 _aSchmidt, E.
100 1 _aSpilki, F.R.
100 1 _aFranco, A.C.
100 1 _aRoche, P.M.
245 1 _aHerpesvírus bovinos (BoHV-1.1 e BoHV-1.2.b)em forma infecciosa em encéfalos de bovinos submetidos ao diagnóstico de raiva no estado do Rio Grande do Sul
650 _aBOVINO
650 _aHERPESVÍRUS
650 _aENCEFALITE
650 _aRAIVA
650 _aDIAGNÓSTICO
650 _aRIO GRANDE DO SUL
773 0 _tArquivo Brasileiro de Medicina Veterinária e Zootecnia (Brazil)
_xISSN 0102-0935
_g(Oct 2010), v. 62(5) p. 1023-1028
_wBR2011002175
909 _a202311
_bLúcia
_c55
_dLúcia Elande
942 _2AGRIS
_n0
_cANA
999 _c209325
_d209325